Capoluoghi di Provincia contenenti la lettera R - Statistics

Statistiche generali
  • Questo quiz è stato fatto 97 volte
  • Il punteggio medio è 52 su 63
Statistiche sulle risposte
Lunghezza in lettere Capoluogo % Corretto
11 Alessandria
96%
6 Torino
96%
4 Roma
93%
5 Terni
91%
12 Reggio Emilia
90%
7 Bergamo
89%
14 Reggio Calabria
89%
7 Trapani
89%
7 Trieste
89%
8 Vercelli
89%
4 Bari
87%
7 Firenze
87%
7 Palermo
87%
9 Pordenone
87%
6 Rimini
87%
6 Verona
87%
7 Cremona
86%
8 Grosseto
86%
7 Imperia
86%
7 Perugia
86%
7 Salerno
86%
7 Sassari
86%
8 Cagliari
84%
7 Caserta
84%
9 Catanzaro
84%
7 Crotone
84%
7 Ravenna
84%
5 Rieti
84%
7 Sondrio
84%
6 Trento
84%
7 Barletta
83%
7 Brescia
83%
6 Ragusa
83%
6 Rovigo
83%
7 Treviso
83%
6 Varese
83%
9 Frosinone
81%
7 Gorizia
81%
7 Isernia
81%
7 Livorno
81%
5 Nuoro
81%
5 Parma
81%
8 Siracusa
81%
6 Arezzo
80%
8 Macerata
80%
7 Pescara
80%
6 Teramo
80%
8 Verbania
80%
6 Novara
79%
6 Pesaro
79%
7 Viterbo
79%
9 Agrigento
77%
6 Matera
77%
8 Oristano
77%
5 Prato
77%
7 Taranto
77%
5 Fermo
76%
5 Forlì
76%
5 Andria
74%
5 Trani
74%
7 Carrara
71%
6 Urbino
66%
8 Carbonia
59%
Nessun quiz corrispondente trovato
Distribuzione punteggi
Percentuale di utenti per punteggio
Percentile per numero di risposta
I tuoi punteggi nel tempo
Non hai fatto questo quiz